000 00500nam a2200217Ia 4500
008 210210b2016 xxu||||| |||| 00| 0 eng d
020 _a9780333778210
041 _aeng
082 _a338.5 KOUM
100 _aKOUTSOYIANNIS (A)
245 _aModern microeconomics Ed 2
250 _a
260 _aLondon
_bMacmillan Press Ltd
_c2016
300 _axvii,581
650 _aModern
650 _amicroeconomics
650 _aEd
650 _a2
690 _aMicroeconomics
906 _a070896
999 _c120363
_d120363